| 000 | 00519nam a22002057a 4500 | ||
|---|---|---|---|
| 003 | LC | ||
| 005 | 20160316151401.0 | ||
| 008 | 121114t xxu||||| |||| 00| 0 eng d | ||
| 020 | _a9780553233391 | ||
| 050 |
_aPS 648.L6 _b.C752 1983 |
||
| 082 |
_aFIC _bC76sd 1983 |
||
| 100 |
_aConklin, Barbara _920764 |
||
| 245 |
_aSummer Dreams _cBarbara Conklin |
||
| 260 |
_aToronto : _bBantam Books, _cc1983. |
||
| 300 |
_a167 p. : _c17 cm. |
||
| 562 | _e1 | ||
| 650 |
_aFiction _9746 |
||
| 942 |
_2lcc _cBK |
||
| 999 |
_c11624 _d11624 |
||